Estadísticas para POBLES DE LES GARRIGUES

Haz click aquí para intentar la prueba.

Estadísticas generales

  • Esta prueba ha sido intentada 30 veces
    (20 desde el último reinicio)
  • La puntuación promedio es 20 de 24

Estadísticas de respuestas

INCIALMUNICIPI% Correcto
AArbeca
100%
Sel Soleràs
100%
Tels Torms
100%
Vel Vilosell
100%
GGranyena de les Garrigues
100%
JJuncosa
100%
JJuneda
100%
Fla Floresta
100%
Gla Granadella
100%
Bles Borges Blanques
100%
TTarrès
100%
VVinaixa
100%
BBovera
75%
CCastelldans
75%
Cel Cogul
75%
Oels Omellons
75%
Al'Albagés
75%
Al'Albí
75%
Pla Pobla de Cèrvoles
75%
El'Espluga Calba
75%
PPuiggròs
75%
BBellaguarda
50%
CCervià de les Garrigues
50%
FFulleda
50%

Distribución de puntuación

Porcentaje por número respondido

Porcentaje de gente con cada puntuación

Historial de tus puntuaciones

No has intentado esta prueba desde el último reinicio